• 首页
  • 本馆介绍
  • 公告通知
  • 最新文献
  • 馆藏检索
  • 电子资源
  • 读者导购
  • 参考咨询
  • 我的图书馆
  • 登录
  • 详细信息显示
  • 放入我的书架
  • 预约/预借图书
  • 作者相关作品
  • 分类相关作品
  • 丛书相关作品
  • 出版社相关作品

书目信息

  • 表格格式
  • 工作单格式
  • 卡片格式
题名:
西河大鼓大全
    
 
作者: 刘建云 , 伍振英 主编
分册:  
出版信息: 北京   中国水利水电出版社  2012
页数: 2册(2026页)
开本: 29cm
丛书名:
单 册:
中图分类: J826.2 , J826.2
科图分类:
主题词: 西河大鼓 , 西河大鼓--概况--河北 , 戏剧--艺术--中国
电子资源:
ISBN: 978-7-5084-9793-8
000 01089nam0 2200313 450
001 1357518546
005 20130515160034.00
010    @a978-7-5084-9793-8@b精装@dCNY880.00(上、下册)
090    @aJ826@bljy
096    @aJ826@bljy
100    @a20121025d2012 em y0chiy50 ea
101 0  @achi
102    @aCN@b110000
105    @aa z 000yy
106    @ar
200 1  @a西河大鼓大全@b专著@e史·志·曲理·弹打说唱@f刘建云,伍振英主编@Axi he da gu da quan
210    @a北京@c中国水利水电出版社@d2012
215    @a2册(2026页)@c图@d29cm
330    @a全书分为上、下两册,共分四章。内容包括:西河大鼓曲史考、西河大鼓的唱腔、西河大鼓的伴奏、西河大鼓书曲目总谱选。
517 1  @a史·志·曲理·弹打说唱@Ashi zhi qu li tan da shuo chang
606 0  @a西河大鼓
606 0  @a西河大鼓@x概况@y河北
606 0  @a戏剧@x艺术@x中国
690    @aJ826.2@v5
690    @aJ826.2@v4
701  0 @a刘建云@c(曲艺)@4主编@Aliu jian yun
701  0 @a伍振英@c(艺术家)@4主编@Awu zhen ying
801  0 @aCN@b大连网信软件有限公司图书馆·11@c20130515
905    @aZUCC@dJ826.2@e121:2
    
    西河大鼓大全:史·志·曲理·弹打说唱/刘建云,伍振英主编.-北京:中国水利水电出版社,2012
    2册(2026页):图;29cm
    
    
    ISBN 978-7-5084-9793-8(精装):CNY880.00(上、下册)
    全书分为上、下两册,共分四章。内容包括:西河大鼓曲史考、西河大鼓的唱腔、西河大鼓的伴奏、西河大鼓书曲目总谱选。
●
相关链接 在E读中查询图书 在五车中查询图书 在当当中查询图书 在豆瓣中查询图书


正题名:西河大鼓大全     索取号:J826.2/121:2         预约/预借

序号 登录号 条形码 馆藏地/架位号 状态 备注
1 0625676   206256763   第一样本阅览室/ [索取号:J826.2/121:2] 在馆    
唐山师范学院图书馆 欢迎您!
大连网信软件有限公司© 版权所有